Histoire de Napoléon... : ...cuisiné à la sauce Lavisse (notice n° 1926014)
[ vue normale ]
| 000 -LEADER | |
|---|---|
| fixed length control field | 00726cam a2200133 4500500 |
| 005 - DATE AND TIME OF LATEST TRANSACTION | |
| control field | 20260329023258.0 |
| 041 ## - LANGUAGE CODE | |
| Language code of text/sound track or separate title | fre |
| 042 ## - AUTHENTICATION CODE | |
| Authentication code | dc |
| 100 10 - MAIN ENTRY--PERSONAL NAME | |
| Personal name | Mauduit, Xavier |
| Relator term | author |
| 245 00 - TITLE STATEMENT | |
| Title | Histoire de Napoléon... : ...cuisiné à la sauce Lavisse |
| 260 ## - PUBLICATION, DISTRIBUTION, ETC. | |
| Name of publisher, distributor, etc. | Armand Colin,<br/> |
| Date of publication, distribution, etc. | 2020.<br/> |
| 520 ## - SUMMARY, ETC. | |
| Summary, etc. | L’auteur nous raconte sa « petite histoire » mettant en scène la France du temps de Napoléon à la manière du petit manuel publié au 19e siècle chez Armand Colin par Ernest Lavisse. Xavier Mauduit pour sa part a choisi la parodie : Lavisse n’était-il pas critiqué déjà à son époque ? |
| 856 41 - ELECTRONIC LOCATION AND ACCESS | |
| Uniform Resource Identifier | <a href="https://shs.cairn.info/histoire-de-napoleon--9782200627157?lang=fr&redirect-ssocas=7080">https://shs.cairn.info/histoire-de-napoleon--9782200627157?lang=fr&redirect-ssocas=7080</a> |
Pas d'exemplaire disponible.




Réseaux sociaux